| 000 | 00759nam a2200253Ia 4500 | ||
|---|---|---|---|
| 001 | 21828 | ||
| 005 | 20260320113316.0 | ||
| 008 | 260320s9999||||xx |||||||||||||| ||und|| | ||
| 041 | _aESP | ||
| 082 |
_aHR 621.31 _bS64 |
||
| 100 |
_a _e |
||
| 110 | _aSociedad Eléctrica del Sur Oeste | ||
| 245 | 0 |
_aMemoria anual 2024 _b |
|
| 246 |
_a _5 _b |
||
| 260 |
_a[Lugar de publicación no identificado] : _b[Editor no identificado], _c2024 |
||
| 300 |
_a112 páginas : _bfotografías, cuadros, gráficos ; _c21 cm. _e |
||
| 440 |
_a _n _v |
||
| 650 | _aTCA | ||
| 653 | _aSociedad Eléctrica del Sur Oeste (Arequipa) - Memorias e informes; Empresa eléctrica - Arequipa (Perú) | ||
| 654 | _aCET | ||
| 700 |
_a _c |
||
| 856 |
_u _z |
||
| 942 |
_cMEN _dJUS _fMAT _2ddc _n |
||
| 999 |
_c21828 _d21828 |
||